Behavioral economics

Saved in:
Bibliographic Details
Main Author Cartwright, Edward (Author)
Format Book
LanguageEnglish
Published London ; New York : Routledge, Taylor & Francis Group, 2024
EditionFourth edition
SeriesRoutledge advanced texts in economics and finance
Subjects
ISBN978-1-032-41410-2 978-1-03-241410-2
Physical Descriptionxxx, 577 stran : ilustrace ; 24 cm

Cover

LEADER 00000nam a2200000 i 4500
001 115552
003 CZ ZlUTB
005 20260429105523.0
007 ta
008 260428s2024 xxka e p 001 0 eng d
020 |a 978-1-032-41410-2  |q (brožováno)  |z 978-1-03-241410-2 
040 |a ZLD002  |b cze  |e rda 
044 |a xxk  |a xxu 
072 7 |a 33  |x Ekonomie  |2 Konspekt  |9 4 
072 7 |a 37.016  |x Učební osnovy. Vyučovací předměty. Učebnice  |2 Konspekt  |9 22 
080 |a 33:159.95  |2 MRF 
080 |a 33  |2 MRF 
080 |a 159.9  |2 MRF 
080 |a (075)  |2 MRF 
100 1 |a Cartwright, Edward  |7 utb2015880476  |4 aut 
245 1 0 |a Behavioral economics /  |c Edward Cartwright 
250 |a Fourth edition 
264 1 |a London ;  |a New York :  |b Routledge, Taylor & Francis Group,  |c 2024 
300 |a xxx, 577 stran :  |b ilustrace ;  |c 24 cm 
336 |a text  |b txt  |2 rdacontent 
337 |a bez média  |b n  |2 rdamedia 
338 |a svazek  |b nc  |2 rdacarrier 
490 1 |a Routledge advanced texts in economics and finance 
504 |a Obsahuje bibliografii a rejstřík 
650 0 7 |a behaviorální ekonomie  |7 ph442521  |2 czenas 
650 0 7 |a ekonomie  |7 ph114430  |x psychologické aspekty  |2 czenas 
650 0 9 |a behavioral economics  |2 eczenas 
650 0 9 |a economics  |x psychological aspects  |2 eczenas 
655 7 |a učebnice  |7 fd133770  |2 czenas 
655 9 |a textbooks  |2 eczenas 
710 2 |a Routledge (firma)  |7 xx0342426  |4 pbl 
710 2 |a Taylor & Francis  |7 kn20091109006  |4 pbl 
830 0 |a Routledge advanced texts in economics and finance 
910 |a ZLD002 
928 9 |a Taylor & Francis Group 
942 |2 udc 
952 |0 0  |1 0  |4 0  |5 0  |6 33CARTWRIGHTE  |7 0  |8 BOOK  |9 190910  |a UTBZL  |b UTBZL  |c 005  |d 2026-04-28  |l 0  |o 33/CARTWRIGHT,E.  |p 420010201991  |r 2026-04-28 12:32:57  |v 1070.00  |w 2026-04-28  |x N:nákup  |y 01 
992 |a BK  |b SKNEW 
999 |c 115552  |d 115552